[Event "Top 12 2021"]
[Site "Chalons en Champagne, France"]
[Date "2021.07.02"]
[Round "9.36"]
[White "Philippe, Christophe VAN"]
[Black "Ternault, Mathieu AGE"]
[Result "1/2-1/2"]
[WhiteElo "2386"]
[BlackElo "2308"]

1. e4 {[%clk 01:30:57]} {[%emt 00:00:02]} e6 {[%clk 01:30:54]} {[%emt
00:00:06]} 2. d4 {[%clk 01:31:19]} {[%emt 00:00:08]} d5 {[%clk 01:31:20]}
{[%emt 00:00:05]} 3. Nc3 {[%clk 01:31:41]} {[%emt 00:00:08]} Nf6 {[%clk
01:31:44]} {[%emt 00:00:05]} 4. Bg5 {[%clk 01:31:44]} {[%emt 00:00:27]} Bb4
{[%clk 01:32:09]} {[%emt 00:00:05]} 5. Nge2 {[%clk 01:27:00]} {[%emt 00:05:13]}
dxe4 {[%clk 01:27:35]} {[%emt 00:05:04]} 6. a3 {[%clk 01:26:55]} {[%emt
00:00:35]} Be7 {[%clk 01:27:50]} {[%emt 00:00:16]} 7. Qd2 {[%clk 01:22:50]}
{[%emt 00:04:34]} Nbd7 {[%clk 01:15:29]} {[%emt 00:12:51]} 8. O-O-O {[%clk
01:20:34]} {[%emt 00:02:47]} a6 {[%clk 01:10:18]} {[%emt 00:05:41]} 9. Ng3
{[%clk 01:15:42]} {[%emt 00:05:22]} h6 {[%clk 00:59:50]} {[%emt 00:10:58]} 10.
Be3 {[%clk 01:11:17]} {[%emt 00:04:54]} Nb6 {[%clk 00:53:18]} {[%emt 00:07:03]}
11. Kb1 {[%clk 01:09:28]} {[%emt 00:02:19]} Bd7 {[%clk 00:52:29]} {[%emt
00:01:20]} 12. Ngxe4 {[%clk 01:04:33]} {[%emt 00:05:25]} Nxe4 {[%clk 00:50:18]}
{[%emt 00:02:42]} 13. Nxe4 {[%clk 01:04:58]} {[%emt 00:00:05]} Bb5 {[%clk
00:49:27]} {[%emt 00:01:20]} 14. Bd3 {[%clk 00:53:17]} {[%emt 00:12:10]} Bxd3
{[%clk 00:43:43]} {[%emt 00:06:15]} 15. Qxd3 {[%clk 00:53:10]} {[%emt
00:00:37]} Qd5 {[%clk 00:44:08]} {[%emt 00:00:04]} 16. f3 {[%clk 00:44:06]}
{[%emt 00:09:34]} O-O-O {[%clk 00:41:25]} {[%emt 00:03:14]} 17. Bc1 {[%clk
00:35:44]} {[%emt 00:08:52]} f5 {[%clk 00:37:37]} {[%emt 00:04:18]} 18. Nc3
{[%clk 00:34:18]} {[%emt 00:01:56]} Qc6 {[%clk 00:37:47]} {[%emt 00:00:20]} 19.
Na2 {[%clk 00:29:11]} {[%emt 00:05:36]} Kb8 {[%clk 00:35:02]} {[%emt 00:03:15]}
20. Rhe1 {[%clk 00:28:19]} {[%emt 00:01:22]} Rhe8 {[%clk 00:32:53]} {[%emt
00:02:40]} 21. b3 {[%clk 00:23:36]} {[%emt 00:05:12]} Bf6 {[%clk 00:32:07]}
{[%emt 00:01:17]} 22. Bb2 {[%clk 00:22:35]} {[%emt 00:01:31]} Qd7 {[%clk
00:23:32]} {[%emt 00:09:05]} 23. Qe2 {[%clk 00:18:44]} {[%emt 00:04:21]} Qb5
{[%clk 00:21:14]} {[%emt 00:02:48]} 24. Rd3 {[%clk 00:17:21]} {[%emt 00:01:52]}
Qd7 {[%clk 00:16:11]} {[%emt 00:05:34]} 25. g3 {[%clk 00:15:44]} {[%emt
00:02:07]} Qc8 {[%clk 00:15:53]} {[%emt 00:00:48]} 26. Nc1 {[%clk 00:13:15]}
{[%emt 00:02:59]} a5 {[%clk 00:13:06]} {[%emt 00:03:18]} 27. a4 {[%emt
00:00:06]} Nd5 {[%clk 00:12:27]} {[%emt 00:01:09]} 28. Na2 {[%clk 00:12:19]}
{[%emt 00:01:49]} Nb4 {[%clk 00:10:45]} {[%emt 00:02:12]} 29. Nxb4 {[%clk
00:11:05]} {[%emt 00:01:45]} axb4 {[%clk 00:11:14]} {[%emt 00:00:02]} 30. Qd2
{[%clk 00:10:50]} {[%emt 00:00:45]} Be7 {[%clk 00:11:32]} {[%emt 00:00:12]} 31.
Rde3 {[%clk 00:08:13]} {[%emt 00:03:07]} Bf8 {[%clk 00:10:28]} {[%emt
00:01:34]} 32. Qe2 {[%clk 00:07:18]} {[%emt 00:01:25]} Rd6 {[%clk 00:05:53]}
{[%emt 00:05:04]} 33. Re5 {[%clk 00:06:58]} {[%emt 00:00:49]} Qd7 {[%clk
00:01:37]} {[%emt 00:04:47]} 34. Rxf5 {[%clk 00:06:39]} {[%emt 00:00:49]} c6
{[%clk 00:01:19]} {[%emt 00:00:49]} 35. Re5 {[%clk 00:06:16]} {[%emt 00:00:52]}
g5 {[%clk 00:01:22]} {[%emt 00:00:27]} 36. Re4 {[%clk 00:05:52]} {[%emt
00:00:54]} Qf7 {[%clk 00:00:53]} {[%emt 00:00:59]} 37. f4 {[%clk 00:05:17]}
{[%emt 00:01:05]} Qg6 {[%clk 00:00:37]} {[%emt 00:00:46]} 38. Qg4 {[%clk
00:04:02]} {[%emt 00:01:44]} Ka7 {[%clk 00:00:38]} {[%emt 00:00:31]} 39. fxg5
{[%clk 00:03:22]} {[%emt 00:01:10]} Qxg5 {[%clk 00:00:35]} {[%emt 00:00:33]} 40.
h4 {[%clk 00:31:24]} {[%emt 00:02:28]} Qe7 {[%clk 00:30:33]} {[%emt 00:00:32]}
41. Qe2 {[%clk 00:25:33]} {[%emt 00:06:20]} Ka8 {[%clk 00:27:39]} {[%emt
00:03:24]} 42. Ka2 {[%clk 00:23:46]} {[%emt 00:02:17]} Qf7 {[%clk 00:23:39]}
{[%emt 00:04:30]} 43. g4 {[%clk 00:20:55]} {[%emt 00:03:21]} Qe7 {[%clk
00:22:35]} {[%emt 00:01:34]} 44. Qh2 {[%clk 00:20:55]} {[%emt 00:00:30]} Qd8
{[%clk 00:21:42]} {[%emt 00:01:23]} 45. h5 {[%clk 00:16:55]} {[%emt 00:04:30]}
Bg7 {[%clk 00:18:12]} {[%emt 00:03:59]} 46. Qf2 {[%clk 00:13:42]} {[%emt
00:03:43]} Qd7 {[%clk 00:17:50]} {[%emt 00:00:52]} 47. R1e2 {[%clk 00:12:55]}
{[%emt 00:01:18]} Rd8 {[%clk 00:15:10]} {[%emt 00:03:10]} 48. Qe1 {[%clk
00:13:08]} {[%emt 00:00:17]} Bxd4 {[%clk 00:14:23]} {[%emt 00:01:17]} 49. Qxb4
{[%clk 00:13:05]} {[%emt 00:00:33]} Bxb2 {[%clk 00:13:59]} {[%emt 00:00:54]} 50.
Kxb2 {[%clk 00:13:29]} {[%emt 00:00:06]} Re8 {[%clk 00:10:53]} {[%emt
00:03:36]} 51. Qa5+ {[%clk 00:12:09]} {[%emt 00:01:49]} Kb8 {[%clk 00:11:21]}
{[%emt 00:00:03]} 52. Qe5 {[%clk 00:12:26]} {[%emt 00:00:13]} Ka8 {[%clk
00:09:19]} {[%emt 00:02:32]} 53. Qc3 {[%clk 00:11:13]} {[%emt 00:01:44]} Rf8
{[%clk 00:05:58]} {[%emt 00:03:51]} 54. Re5 {[%clk 00:10:54]} {[%emt 00:00:48]}
Qe7 {[%clk 00:04:08]} {[%emt 00:02:21]} 55. Ra5+ {[%clk 00:06:43]} {[%emt
00:04:40]} Kb8 {[%clk 00:04:34]} {[%emt 00:00:04]} 56. Rae5 {[%clk 00:06:07]}
{[%emt 00:01:06]} Ka8 {[%clk 00:04:48]} {[%emt 00:00:17]} 57. a5 {[%clk
00:05:57]} {[%emt 00:00:40]} Rf1 {[%clk 00:04:48]} {[%emt 00:00:30]} 58. Re1
{[%clk 00:05:19]} {[%emt 00:01:08]} Qf6 {[%clk 00:03:38]} {[%emt 00:01:39]} 59.
Rxf1 {[%clk 00:04:09]} {[%emt 00:01:41]} Qxf1 {[%clk 00:04:06]} {[%emt
00:00:01]} 60. g5 {[%clk 00:03:31]} {[%emt 00:01:08]} Qf4 {[%clk 00:03:01]}
{[%emt 00:01:35]} 61. gxh6 {[%clk 00:02:09]} {[%emt 00:01:53]} Qxh6 {[%clk
00:02:52]} {[%emt 00:00:39]} 62. Qe3 {[%clk 00:01:39]} {[%emt 00:01:00]} Qh8
{[%clk 00:03:20]} {[%emt 00:00:02]} 63. Ka2 {[%clk 00:01:46]} {[%emt 00:00:22]}
Rd1 {[%clk 00:02:45]} {[%emt 00:01:05]} 64. Qe2 {[%clk 00:01:29]} {[%emt
00:00:48]} Rc1 {[%clk 00:01:57]} {[%emt 00:01:18]} 65. Kb2 {[%clk 00:01:32]}
{[%emt 00:00:27]} Rh1 {[%clk 00:02:25]} {[%emt 00:00:02]} 66. a6 {[%clk
00:01:30]} {[%emt 00:00:32]} Qh6 {[%clk 00:02:06]} {[%emt 00:00:50]} 67. axb7+
{[%clk 00:01:49]} {[%emt 00:00:11]} Kxb7 {[%clk 00:02:27]} {[%emt 00:00:09]} 68.
Qe3 {[%clk 00:00:59]} {[%emt 00:01:19]} Qxe3 {[%clk 00:02:50]} {[%emt
00:00:08]} 69. Rxe3 {[%clk 00:01:26]} {[%emt 00:00:03]} Rxh5 {[%clk 00:03:16]}
{[%emt 00:00:04]} 70. Rxe6 {[%clk 00:01:52]} {[%emt 00:00:05]} Rh3 {[%clk
00:03:22]} {[%emt 00:00:23]} 71. Ka3 {[%clk 00:02:02]} {[%emt 00:00:19]} Rc3
{[%clk 00:03:34]} {[%emt 00:00:18]} 72. Re2 {[%clk 00:02:13]} {[%emt 00:00:20]}
Kb6 {[%clk 00:03:56]} {[%emt 00:00:07]} 73. Kb4 {[%clk 00:02:26]} {[%emt
00:00:17]} Rh3 {[%clk 00:04:21]} {[%emt 00:00:06]} 74. Re6 {[%clk 00:02:07]}
{[%emt 00:00:48]} Rh4+ {[%clk 00:04:27]} {[%emt 00:00:25]} 75. c4 {[%clk
00:02:24]} {[%emt 00:00:13]} Rg4 {[%clk 00:04:53]} {[%emt 00:00:03]} 76. Rh6
{[%clk 00:02:29]} {[%emt 00:00:25]} Rf4 {[%clk 00:05:21]} {[%emt 00:00:02]} 77.
Rh3 {[%clk 00:02:18]} {[%emt 00:00:41]} c5+ {[%clk 00:04:55]} {[%emt 00:00:57]}
78. Ka4 {[%clk 00:02:06]} {[%emt 00:00:41]} Rf6 {[%clk 00:05:21]} {[%emt
00:00:05]} 79. Rh8 {[%clk 00:02:08]} {[%emt 00:00:27]} Rg6 {[%clk 00:04:34]}
{[%emt 00:01:18]} 80. Rb8+ {[%clk 00:01:51]} {[%emt 00:00:46]} Kc6 {[%clk
00:04:48]} {[%emt 00:00:14]} 81. Ka5 {[%clk 00:01:35]} {[%emt 00:00:47]} Rg3
{[%clk 00:04:51]} {[%emt 00:00:28]} 82. Rb6+ {[%clk 00:01:23]} {[%emt
00:00:43]} Kc7 {[%clk 00:05:13]} {[%emt 00:00:07]} 83. Ka6 {[%clk 00:00:52]}
{[%emt 00:01:01]} Rf3 {[%clk 00:05:42]} {[%emt 00:00:02]} 84. Rb7+ {[%clk
00:00:47]} {[%emt 00:00:35]} Kc6 {[%clk 00:06:04]} {[%emt 00:00:07]} 85. Rb5
{[%clk 00:00:50]} {[%emt 00:00:27]} Rg3 {[%clk 00:06:02]} {[%emt 00:00:33]} 86.
Rb8 {[%clk 00:01:05]} {[%emt 00:00:14]} Rh3 {[%clk 00:06:12]} {[%emt 00:00:20]}
87. Rc8 {[%clk 00:01:01]} {[%emt 00:00:33]} Kd6 {[%clk 00:06:41]} {[%emt
00:00:03]} 88. Rb8 {[%clk 00:01:06]} {[%emt 00:00:24]} Kc6 {[%clk 00:07:10]}
{[%emt 00:00:02]} 89. Ka5 {[%clk 00:01:15]} {[%emt 00:00:21]} Rg3 {[%clk
00:07:37]} {[%emt 00:00:03]} 90. Ka4 {[%clk 00:01:11]} {[%emt 00:00:34]} Rg1
{[%clk 00:07:20]} {[%emt 00:00:47]} 91. Ka3 {[%clk 00:01:06]} {[%emt 00:00:35]}
Rg3 {[%clk 00:07:16]} {[%emt 00:00:34]} 92. Rh8 {[%clk 00:01:17]} {[%emt
00:00:18]} Rg6 {[%clk 00:06:46]} {[%emt 00:01:01]} 93. Rc8+ {[%clk 00:01:10]}
{[%emt 00:00:36]} Kb6 {[%clk 00:07:05]} {[%emt 00:00:11]} 94. Rb8+ {[%clk
00:01:25]} {[%emt 00:00:14]} Kc6 {[%clk 00:07:34]} {[%emt 00:00:02]} 95. Rc8+
{[%clk 00:01:29]} {[%emt 00:00:26]} Kb6 {[%clk 00:08:02]} {[%emt 00:00:02]} 96.
Rb8+ {[%clk 00:01:53]} {[%emt 00:00:06]} 1/2-1/2

[Event "Top 12 2021"]
[Site "Chalons en Champagne, France"]
[Date "2021.07.02"]
[Round "9.41"]
[White "Lagarde, Maxime CCH"]
[Black "Eugene, Floryan ERD"]
[Result "1-0"]
[WhiteElo "2648"]
[BlackElo "2343"]

1. d4 {[%clk 01:30:59]} Nf6 {[%clk 01:30:42]} {[%emt 00:00:19]} 2. c4 {[%clk
01:31:25]} {[%emt 00:00:04]} e6 {[%clk 01:31:07]} {[%emt 00:00:05]} 3. Nc3
{[%clk 01:31:52]} {[%emt 00:00:03]} d5 {[%clk 01:31:33]} {[%emt 00:00:04]} 4.
cxd5 {[%clk 01:32:20]} {[%emt 00:00:03]} exd5 {[%clk 01:31:57]} {[%emt
00:00:06]} 5. Bg5 {[%clk 01:32:45]} {[%emt 00:00:04]} Nbd7 {[%clk 01:30:46]}
{[%emt 00:01:41]} 6. e3 {[%clk 01:32:59]} {[%emt 00:00:16]} c6 {[%clk
01:31:11]} {[%emt 00:00:05]} 7. Bd3 {[%clk 01:33:19]} {[%emt 00:00:10]} Be7
{[%clk 01:31:23]} {[%emt 00:00:19]} 8. h3 {[%clk 01:33:36]} {[%emt 00:00:13]}
h6 {[%clk 01:30:20]} {[%emt 00:01:33]} 9. Bf4 {[%clk 01:33:42]} {[%emt
00:00:23]} Nb6 {[%clk 01:30:46]} {[%emt 00:00:05]} 10. Nf3 {[%clk 01:32:11]}
{[%emt 00:02:00]} Nc4 {[%clk 01:30:17]} {[%emt 00:01:00]} 11. Qc2 {[%clk
01:27:48]} {[%emt 00:04:52]} Be6 {[%clk 01:22:14]} {[%emt 00:08:33]} 12. O-O
{[%clk 01:21:43]} {[%emt 00:06:35]} O-O {[%clk 01:22:13]} {[%emt 00:00:32]} 13.
Rad1 {[%clk 01:20:10]} {[%emt 00:02:03]} Nd6 {[%clk 01:15:57]} {[%emt
00:06:47]} 14. Ne5 {[%clk 01:18:03]} {[%emt 00:02:36]} Nfe4 {[%clk 01:05:05]}
{[%emt 00:11:22]} 15. Na4 {[%clk 01:15:18]} {[%emt 00:03:15]} Bg5 {[%clk
01:00:08]} {[%emt 00:05:26]} 16. Bh2 {[%clk 01:14:49]} {[%emt 00:01:00]} f5
{[%clk 00:41:04]} {[%emt 00:19:34]} 17. Kh1 {[%clk 01:11:33]} {[%emt 00:03:46]}
Nf7 {[%clk 00:37:44]} {[%emt 00:03:51]} 18. f3 {[%clk 01:02:48]} {[%emt
00:09:15]} Ned6 {[%clk 00:37:11]} {[%emt 00:01:03]} 19. Nc5 {[%clk 01:00:14]}
{[%emt 00:03:04]} Bc8 {[%clk 00:37:14]} {[%emt 00:00:26]} 20. e4 {[%clk
00:46:37]} {[%emt 00:14:08]} fxe4 {[%clk 00:33:07]} {[%emt 00:04:35]} 21. fxe4
{[%clk 00:46:38]} {[%emt 00:00:30]} dxe4 {[%clk 00:33:16]} {[%emt 00:00:21]} 22.
Nxe4 {[%clk 00:46:12]} {[%emt 00:00:56]} Nxe4 {[%clk 00:32:14]} {[%emt
00:01:31]} 23. Bc4 {[%clk 00:38:36]} {[%emt 00:08:07]} Ned6 {[%clk 00:26:17]}
{[%emt 00:06:26]} 24. Nxf7 {[%clk 00:32:57]} {[%emt 00:06:09]} Rxf7 {[%clk
00:16:47]} {[%emt 00:10:00]} 25. Bxd6 {[%clk 00:32:32]} {[%emt 00:00:55]} Qxd6
{[%clk 00:16:02]} {[%emt 00:01:14]} 26. Rxf7 {[%clk 00:32:43]} {[%emt
00:00:19]} Kh8 {[%clk 00:16:20]} {[%emt 00:00:12]} 27. Qe4 {[%clk 00:31:38]}
{[%emt 00:01:34]} Bd7 {[%clk 00:14:41]} {[%emt 00:02:10]} 28. Qe5 {[%clk
00:32:01]} {[%emt 00:00:07]} 1-0